Statistiques concernant Box office 2005 par images restreintes

Cliquez ici pour prendre le quiz!

Statistiques générales

  • Ce quiz a été pris 168 fois
  • Le résultat moyen est 7 sur 12

Statistiques - réponses

Réponse% Correct
Brice de Nice
99%
Harry Potter et la Coupe de feu
99%
Madagascar
92%
Charlie et la Chocolaterie
90%
Star Wars, épisode III : La Revanche des Sith
88%
King Kong
87%
Le Monde de Narnia : Le Lion, la Sorcière blanche et l'Armoire magique
68%
Million Dollar Baby
35%
Mr. et Mrs. Smith
34%
Palais Royal !
13%
La Guerre des mondes
10%
Les Poupées russes
6%

Distribution des résultats

Percentile par nombre de réponses

% des personnes avec chaque résultat

Votre développement - résultats

Vous n’avez pas pris ce quiz